[Event "IECG RF.2002.0.00007"]
[Site "IECG email"]
[Date "2002.11.14"]
[Round "?"]
[White "Hettinga, Kasper"]
[Black "Badstuber, Serge"]
[Result "1-0"]
[WhiteElo "1000"]
[BlackElo "1000"]
[PlyCount "52"]
[EventDate "2002.11.14"]
[EventType "tourn (corr)"]
[EventRounds "6"]
[SourceTitle "Corr 2024"]
[Source "ChessBase"]
[SourceDate "2023.10.19"]
[SourceVersion "1"]
[SourceVersionDate "2023.10.19"]
[SourceQuality "1"]

1. e4 e5 2. Nf3 d6 3. d4 exd4 4. Nxd4 g6 5. Bb5+ Bd7 6. Bxd7+ Nxd7 7. 0-0 Bg7 8. Be3 c5 9. Nb5 Bxb2 10. Nxd6+ Kf8 11. Nd2 Bxa1 12. Nxb7 Qf6 13. Nxc5 Nxc5 14. Bxc5+ Kg7 15. Qxa1 Qxa1 16. Rxa1 Nf6 17. e5 Nh5 18. Be3 Kg8 19. Ne4 f6 20. exf6 Kf7 21. Bd4 h6 22. c4 Ke6 23. Bc3 Nf4 24. Re1 Rab8 25. Ng5+ Kd7 26. Nf7 Kc7 1-0